| 000 | 00843cam a22002653a 4500 | ||
|---|---|---|---|
| 001 | 31248 | ||
| 003 | PGUSA | ||
| 005 | 20140828083657.0 | ||
| 008 | 100210s2010||||xxu|||||s|||||000 1 eng d | ||
| 040 |
_aPGUSA _beng |
||
| 042 | _adc | ||
| 050 | 4 | _aPT | |
| 100 | 1 |
_aBilse, Fritz Oswald, _d1878-1951 |
|
| 245 | 1 | 2 |
_aA Little Garrison : _bA Realistic Novel of German Army Life of To-day _h[electronic resource] / _cFritz Oswald Bilse |
| 260 |
_bProject Gutenberg, _c2010 |
||
| 506 | _aPublic domain in the USA. | ||
| 516 | _aElectronic text | ||
| 653 | _aGermany. Heer -- Military life -- Fiction | ||
| 653 | _aSoldiers -- Fiction | ||
| 700 | 1 |
_aSchierbrand, Wolf von, _d1851-1920 |
|
| 740 | 0 | _aAus einer kleinen Garnison. English | |
| 830 | 0 |
_aProject Gutenberg _v31248 |
|
| 856 | 4 | 0 | _uhttp://www.gutenberg.org/ebooks/31248 |
| 942 | _cEB | ||
| 999 |
_c260503 _d260503 |
||